Al-Mukhtarmin Sher-A-Bashshar (Record no. 2138)

MARC details
000 -LEADER
fixed length control field 00604nam a2200241 a 4500
020 ## - INTERNATIONAL STANDARD BOOK NUMBER
ISBN
082 00 - DEWEY DECIMAL CLASSIFICATION NUMBER
Classification number 892.71
Author Cutter ALV
100 ## - MAIN ENTRY--AUTHOR NAME
Author name Alvi Syed, Muhammad Badruddudin
245 ## - TITLE STATEMENT
Title Al-Mukhtarmin Sher-A-Bashshar
260 ## - PUBLICATION, DISTRIBUTION, ETC. (IMPRINT)
Place of publication Aligarh
Name of publisher Matbatul Iteqad
Year of publication 1934
300 ## - PHYSICAL DESCRIPTION
Number of Pages 341p
500 ## - GENERAL NOTE
General note includes index and biblioraphy
505 2# - FORMATTED CONTENTS NOTE
Formatted contents note Index
650 ## - SUBJECT ADDED ENTRY--TOPICAL TERM
Topical Term Arabic-Poetry
942 ## - ADDED ENTRY ELEMENTS (KOHA)
Koha item type Books
700 1# -
-- Alvi Syed, Muhammad Badruddudin
Holdings
Home library Current library Date acquired Cost, normal purchase price Full call number Accession Number Koha item type
Henry Martyn Institute Library Henry Martyn Institute Library 06/04/2007 100.00 892.71 ALV 4380 Archive Book
                   Copyright © 2026 | Henry Martyn Institute | Hyderabad | TS-500052 | INDIA | Implemented by hmi.edu.in
Hit-Count:

Powered by Koha